Queen Songs on the Billboard Top 100 (USA) - Statistics

General Stats
  • This quiz has been taken 587 times
    582 since last reset
  • The average score is 12 of 23
Answer Stats
Peak Chart Position, Year Answer % Correct
2, 1992 Bohemian Rhapsody
97%
4, 1978 We Will Rock You / We Are The Champions
95%
29, 1982 (With David Bowie) Under Pressure
88%
1, 1980 Another One Bites The Dust
82%
12, 1975 Killer Queen
78%
86, 1979 Don't Stop Me Now
74%
24, 1979 Bicycle Race / Fat Bottomed Girls
73%
16, 1984 Radio Ga-Ga
72%
45, 1984 I Want to Break Free
70%
13, 1977 Somebody to Love
70%
1, 1980 A Crazy Little Thing Called Love
67%
16, 1976 You're My Best Friend
48%
50, 1989 I Want It All
46%
42, 1986 A Kind of Magic
45%
42, 1981 Flash's Theme AKA Flash
44%
61, 1986 One Vision
38%
42, 1980 Play the Game
37%
49, 1977 Tie Your Mother Down
24%
72, 1984 It's a Hard Life
22%
11, 1982 Body Language
21%
60, 1982 Calling All Girls
9%
74, 1978 It's Late
9%
44, 1980 Need Your Loving Tonight
7%
No matching quizzes found
Score Distribution
Percent of People with Each Score
Percentile by Number Answered
Your Score History
You have not taken this quiz since the last reset